Applications for living/ (Record no. 2647)

000 -LEADER
fixed length control field 00373nam a22001451a 4500
020 ## - INTERNATIONAL STANDARD BOOK NUMBER
ISBN 9780340768334
082 ## - DEWEY DECIMAL CLASSIFICATION NUMBER
Classification number 158.1
Item number NEA/A
100 ## - MAIN ENTRY--AUTHOR NAME
Personal name Neale Donald Walsch
245 ## - TITLE STATEMENT
Title Applications for living/
Statement of responsibility, etc by Neale Donald Walsch
260 ## - PUBLICATION, DISTRIBUTION, ETC. (IMPRINT)
Place of publication London:
Name of publisher Hodder& Stoughton,
Year of publication 1999.
300 ## - PHYSICAL DESCRIPTION
Number of Pages 334p.
650 ## - SUBJECT ADDED ENTRY--TOPICAL TERM
Topical Term Personality Development
650 ## - SUBJECT ADDED ENTRY--TOPICAL TERM
Topical Term Psychology
942 ## - ADDED ENTRY ELEMENTS (KOHA)
Koha item type Book
Holdings
Withdrawn status Lost status Damaged status Not for loan Permanent Location Current Location Date acquired Cost, normal purchase price Full call number Accession Number Cost, replacement price Price effective from Koha item type
        Sree Sankaracharya University of Sanskrit Sree Sankaracharya University of Sanskrit 08.01.2015 370.00 158.1 WAL A 024739 0.00 08.01.2015 Book